|
|
|
|
| LEADER |
00000nam0a2200000 4500 |
| 001 |
117276 |
| 005 |
20231101215405.0 |
| 010 |
|
|
|a 9785986720548
|
| 010 |
|
|
|a 978-5-7418-0472-8
|
| 035 |
|
|
|a (RuTPU)RU\TPU\book\126942
|
| 035 |
|
|
|a RU\TPU\book\116985
|
| 090 |
|
|
|a 117276
|
| 100 |
|
|
|a 20070119d2007 m y0rusy50 ca
|
| 101 |
0 |
|
|a rus
|
| 102 |
|
|
|a RU
|
| 105 |
|
|
|a a j 001zy
|
| 200 |
1 |
|
|a Горная квалиметрия
|e учебное пособие
|f Г. Г. Ломоносов
|g Московский государственный горный университет
|
| 205 |
|
|
|a 2-е изд., стер.
|
| 210 |
|
|
|a Москва
|c Горная книга
|c Изд-во МГУ
|d 2007
|
| 215 |
|
|
|a 201 с.
|c ил.
|
| 225 |
1 |
|
|a Высшее горное образование
|
| 320 |
|
|
|a Библиогр.: с. 195-197.
|
| 330 |
|
|
|a Освещены главные аспекты квалиметрии горного производства: основные понятия и термины, раскрыт общий механизм формирования качества продукции горнодобывающего предприятия, определены категории понятия «качество полезных ископаемых», показаны основные методы количественной оценки качества минерального сырья, а также горных работ. Приведены методологии оценки изменчивости показателей качества ископаемых в недрах, их трансформации при добыче и обоснования требований к продукции горного предприятия, технологические основы создания информационно-управляющей системы качества продукции горнодобывающего предприятия, основанной на современных технических средствах идентификации минеральных продуктов, а также принципы управляемого формирования качества рудной массы. Содержатся сведения из области геометрии недр, геостатистики, стандартизации и сертификации, метрологии, теории вероятности и математической статистики, теории случайных функций и других наук, имеющих непосредственное отношение к предмету или используемых в конкретных методиках. Для студентов горных вузов. Может быть полезно научным работникам и специалистам горной промышленности,
|
| 451 |
|
1 |
|0 (RuTPU)RU\TPU\book\116985
|y 5-7418-0168-4
|t Горная квалиметрия
|o учебное пособие
|f Г. Г. Ломоносов
|g Московский государственный горный университет
|c М.
|n Изд-во МГГУ
|d 2000
|p 201 с.
|s Высшее горное образование
|a Ломоносов, Геральд Георгиевич
|
| 606 |
1 |
|
|a Квалиметрия горная
|2 stltpush
|3 (RuTPU)RU\TPU\subj\64929
|9 81617
|
| 610 |
1 |
|
|a понятия
|
| 610 |
1 |
|
|a методы
|
| 610 |
1 |
|
|a руды
|
| 610 |
1 |
|
|a изменчивость
|
| 610 |
1 |
|
|a горные работы
|
| 610 |
1 |
|
|a рудные тела
|
| 610 |
1 |
|
|a залегание
|
| 610 |
1 |
|
|a трансформация
|
| 610 |
1 |
|
|a горнодобывающие предприятия
|
| 610 |
1 |
|
|a системная база
|
| 610 |
1 |
|
|a инструментальная база
|
| 610 |
1 |
|
|a добыча
|
| 610 |
1 |
|
|a количественная оценка
|
| 610 |
1 |
|
|a управление
|
| 610 |
1 |
|
|a учебные пособия
|
| 675 |
|
|
|a 622.012:658.5(075.8)
|v 3
|
| 700 |
|
1 |
|a Ломоносов
|b Г. Г.
|g Геральд Георгиевич
|
| 712 |
0 |
2 |
|a Московский государственный горный университет
|2 stltpush
|3 (RuTPU)RU\TPU\col\453
|
| 801 |
|
1 |
|a RU
|b 63413507
|c 20070601
|g PSBO
|
| 801 |
|
2 |
|a RU
|b 63413507
|c 20150710
|g PSBO
|
| 900 |
|
|
|a Квалиметрия
|
| 900 |
|
|
|a Квалиметрия и управление качеством
|
| 942 |
|
|
|c BK
|
| 951 |
|
|
|a 550600
|b 130400
|
| 959 |
|
|
|a 46/20070529
|d 5
|e 300,00
|f АНЛ:1
|f ЧЗТЛ:1
|f УФ:3
|